Modelovanie, identifikácia a riadenie nelineárnych dynamických systémov viacvrstvovými neurónovými sieťami

Uložené v:
Podrobná bibliografia
Hlavný autor: Kušnír, Peter (Autor)
Ďalší autori: Kozák, Štefan (Vedúci práce)
Médium: Rukopis Kniha
Jazyk:Slovak
Vydavateľské údaje: Bratislava : STU v Bratislave FEI, 2004
Predmet:
Tagy: Pridať tag
Žiadne tagy, Buďte prvý, kto otaguje tento záznam!

MARC

LEADER 00000ntm a22000003a 4500
001 stu88589
005 20160719164707.5
008 040709s2004------------------------slo-d
040 |a STU  |b slo 
041 0 |a slo 
100 1 |a Kušnír, Peter  |4 aut 
245 1 |a Modelovanie, identifikácia a riadenie nelineárnych dynamických systémov viacvrstvovými neurónovými sieťami 
260 |a Bratislava :  |b STU v Bratislave FEI,  |c 2004 
300 |a 100 s 
650 7 |a automatizácia  |2 stusub 
700 1 |a Kozák, Štefan  |4 ths  |u E010  |T FEI Ústav riadenia a priemyselnej informatiky  |X 1954  |U E010  |Y E010  |7 1954